<?xml version="1.0" encoding="UTF-8"?>
<marc:record xmlns:marc="http://www.loc.gov/MARC21/slim">
   <marc:leader>00000nam a2200000 a 4500</marc:leader>
   <marc:datafield ind1="1" ind2=" " tag="100">
      <marc:subfield code="a">Schreiner, Zeljko</marc:subfield>
      <marc:subfield code="4">aut</marc:subfield>
      <marc:subfield code="e">Verfasser/-in</marc:subfield>
   </marc:datafield>
   <marc:datafield ind1=" " ind2=" " tag="653">
      <marc:subfield code="a">Zigeuner-Wahrsagekarten</marc:subfield>
   </marc:datafield>
   <marc:datafield ind1=" " ind2=" " tag="653">
      <marc:subfield code="a">Tarot</marc:subfield>
   </marc:datafield>
   <marc:datafield ind1=" " ind2=" " tag="653">
      <marc:subfield code="a">Softcover / Ratgeber/Spiritualität/Esoterik</marc:subfield>
   </marc:datafield>
   <marc:datafield ind1="0" ind2="0" tag="245">
      <marc:subfield code="a">1x1 der Zigeunerkarten</marc:subfield>
   </marc:datafield>
   <marc:datafield ind1="0" ind2="0" tag="245">
      <marc:subfield code="b">Anleitung zum Kartenlegen mit den Zigeuner-Wahrsagekarten - für Fortgeschrittene</marc:subfield>
   </marc:datafield>
   <marc:datafield ind1="0" ind2="0" tag="245">
      <marc:subfield code="c">von Zeljko Schreiner</marc:subfield>
   </marc:datafield>
   <marc:datafield ind1=" " ind2="1" tag="264">
      <marc:subfield code="a">Norderstedt</marc:subfield>
      <marc:subfield code="b">Books on Demand GmbH</marc:subfield>
   </marc:datafield>
   <marc:datafield ind1="1" ind2=" " tag="520">
      <marc:subfield code="a">Angaben aus der Verlagsmeldung

1x1 der Zigeunerkarten : Anleitung zum Kartenlegen mit den Zigeuner-Wahrsagekarten - für Fortgeschrittene / von Zeljko Schreiner

Fast jeder hat sich schon mal die Frage gestellt, was die Zukunft bringt und ob es das Schicksal gut meint. Um eine Antwort auf diese Fragen zu bekommen, wird oft ein Kartenleger aufgesucht.Meistens wird die Berufsgruppe der Kartenleger beneidet, weil es eine außergewöhnliche Kunst ist, den Mitmenschen die Karten zu deuten und ihnen somit wertvolle Lebenshilfe zu geben. Dieses Fachbuch wurde für alle geschrieben, die bereits einen Einstieg in die Welt der Zigeuner- Wahrsagekarten wagten und nun die mystische Kunst des Kartenlegens erweitern möchten. Der Ursprung der heutigen Zigeunerkarten ist im österreichischen Raum zu finden. Von dort aus erstreckten sie sich bis nach Osteuropa, wo sie sich heute noch größter Beliebtheit erfreuen.Der aus Kroatien stammende Autor Zeljko Schreiner präsentiert Ihnen mit diesem Buch das überlieferte Wissen seiner Vorfahren und gibt Ihnen damit ein hochwertiges und informatives Nachschlagewerk, um intensiver mit den Zigeunerkarten vertraut zu werden. Dieses Fachbuch beinhaltet sämtliche Zweierkombinationen, die zum Teil sehr tief ins Detail gehen. Ebenso finden Sie auch wichtige Dreier- und Viererkombinationen aus den Bereichen Liebe, Beruf und Geld. Im letzten Kapitel präsentiert Ihnen der Autor Legebeispiele aus dem alltäglichen Lebenmit einer übersichtlichen Erklärung.
</marc:subfield>
   </marc:datafield>
   <marc:datafield ind1=" " ind2=" " tag="020">
      <marc:subfield code="a">9783839181065</marc:subfield>
      <marc:subfield code="9">9783839181065</marc:subfield>
   </marc:datafield>
   <marc:datafield ind1=" " ind2=" " tag="041">
      <marc:subfield code="a">ger</marc:subfield>
   </marc:datafield>
   <marc:datafield ind1=" " ind2=" " tag="300">
      <marc:subfield code="a">252 S.</marc:subfield>
   </marc:datafield>
</marc:record>
